header

Business genius (Record no. 67497)

MARC details
000 -LEADER
fixed length control field 01173nam a2200301 a 4500
082 04 - DEWEY DECIMAL CLASSIFICATION NUMBER
Classification number 658.4/063
100 1# - MAIN ENTRY--AUTHOR NAME
Personal name Fisk, Peter
245 10 - TITLE STATEMENT
Title Business genius
260 ## - PUBLICATION, DISTRIBUTION, ETC. (IMPRINT)
Place of publication Chichester, UK ;
-- Hoboken, NJ :
Name of publisher Capstone,
Year of publication c2008.
300 ## - PHYSICAL DESCRIPTION
Number of Pages x, 349 p. :
Other physical details ill.
500 ## - GENERAL NOTE
General note Includes index.
650 #0 - SUBJECT ADDED ENTRY--TOPICAL TERM
Topical Term Industrial management.
856 40 - ELECTRONIC LOCATION AND ACCESS
Uniform Resource Identifier http://site.ebrary.com/lib/rucke/Doc?id=10301338

No items available.

© 2026 Rongo University
Contact us: librarian | system librarian | Rongo university